01321nam a2200349 c 450000100060000000300100000600500170001600700030003300800410003602000180007704000350009504100080013008200210013810000340015924500840019325000370027726400410031430000530035533600270040833700330043533800280046849000200049650000980051650000420061450400410065652100410069765000370073865000380077565000400081365000570085365000610091059901CO-BoRNBP20251111221613.0ta221101r20142017mx ad er 001 0 spa d a9786071717689 aCO-BoRNBPbspaerdacCO-BoRNBP0 aspa04a658.11bD87p222 aDurón García, Carloseaut13aEl plan de negocios para la industria restaurantera /cCarlos Durón García. aSegunda ediciónbReimpresión 1aMéxico :bEditorial Trillas,c2017 a145 páginas :bilustraciones en blanco y negro atextobtxt2rdacontent asin mediaciónbn2rdamedia avolumenbnc2rdacarrier0 aTrillas Turismo aEl material correspondiente a la dotación PNLB 2022, corresponde a la reimpresión de 2017 aIncluye anexos e índice analítico aIncluye referencias bibliográficas aRecomendado para un público adulto07aNuevas empresasxProyectos2lemb07aPlanificación empresarial2lemb07aPlanificación estratégica2lemb07aRestaurantes, cafeterías, etc.xPlaneación2lemb07aRestaurantes, cafeterías, etc.xAdministración2lemb